000 00420nam a2200157Ia 4500
008 250916s9999 xx 000 0 und d
020 _a978-87-7004-186-7
082 _a006.3 BAN
100 _aBanafa, Ahmed
245 0 _aIntroduction to artificial intelligence (AI)
250 _a1st
260 _aNew York:
_bRoutledge Taylor & Francis Group,
_c2024
300 _a65 p.
600 _aComputer Science
942 _cBK
999 _c31618
_d31618